Central Library OPAC University of Rajshahi

The Indo-Greeks / (Record no. 26222)

MARC details
000 -LEADER
fixed length control field 00779cam a22002771 4500
001 - CONTROL NUMBER
control field 26222
003 - CONTROL NUMBER IDENTIFIER
rucl marc code BD-RjUL
005 - DATE AND TIME OF LATEST TRANSACTION
control field 20211209051003.0
008 - FIXED-LENGTH DATA ELEMENTS--GENERAL INFORMATION
fixed length control field 140320s1957 enkbf b 001 0 eng
035 ## - SYSTEM CONTROL NUMBER
System control number (BD-RjUL)26292
System control number (OCoLC)2814526
040 ## - CATALOGING SOURCE
Original cataloging agency DLC
Transcribing agency AzU
Modifying agency OCoLC
-- Uk
-- DLC
-- BD-RjUL
Language of cataloging eng
041 ## - LANGUAGE CODE
Language code of text/sound track or separate title eng
082 ## - DEWEY DECIMAL CLASSIFICATION NUMBER
Classification number 939.64
Author mark and year NAI 1957
100 1# - MAIN ENTRY--PERSONAL NAME
Personal name Narain, A. K.
9 (RLIN) 80608
245 14 - TITLE STATEMENT
Title The Indo-Greeks /
Statement of responsibility, etc. A.K.Narain
260 ## - PUBLICATION, DISTRIBUTION, ETC. (IMPRINT)
Place of publication, distribution, etc. Oxford :
Name of publisher, distributor, etc. Clarendon Press,
Date of publication, distribution, etc. 1957.
300 ## - PHYSICAL DESCRIPTION
Pagination xvi, 201 p. :
Illustrations maps, plates. ;
Size 22 cm.
504 ## - BIBLIOGRAPHY, ETC. NOTE
Bibliography, etc Bibliography: p. [182]-190.
650 #0 - SUBJECT ADDED ENTRY--TOPICAL TERM
Topical term or geographic name as entry element Greeks
Geographic subdivision India.
9 (RLIN) 75093
Topical term or geographic name as entry element Numismatics
Geographic subdivision India.
9 (RLIN) 80609
651 #0 - SUBJECT ADDED ENTRY--GEOGRAPHIC NAME
Geographic name Bactria
General subdivision History.
9 (RLIN) 75095
942 ## - ADDED ENTRY ELEMENTS (KOHA)
Source of classification or shelving scheme Dewey Decimal Classification
Koha item type Books
Holdings
Lost status Source of classification or shelving scheme Damaged status Not for loan Collection code Permanent Location Current Location Shelving location Date acquired Source of acquisition Cost, normal purchase price Total Checkouts Full call number Date last seen Copy number Koha item type
  Dewey Decimal Classification     Non-fiction Central Library, University of Rajshahi Central Library, University of Rajshahi   20/11/1957 Oxford University Press. 34.20   939.64 NAI 1957 20/03/2014 C-2 Books
  Dewey Decimal Classification     Non-fiction Central Library, University of Rajshahi Central Library, University of Rajshahi   10/04/1974 India Govt Gift. 0.00   939.64 NAI 1962 20/03/2014 C-3 Books